Central Library OPAC University of Rajshahi

Diaries and letters, 1930-1939 / (Record no. 24431)

MARC details
000 -LEADER
fixed length control field 00979cam a22002892a 4500
001 - CONTROL NUMBER
control field 24431
003 - CONTROL NUMBER IDENTIFIER
rucl marc code BD-RjUL
005 - DATE AND TIME OF LATEST TRANSACTION
control field 20211209001041.0
008 - FIXED-LENGTH DATA ELEMENTS--GENERAL INFORMATION
fixed length control field 140313t19671966enk 001 0aeng d
035 ## - SYSTEM CONTROL NUMBER
System control number (BD-RjUL)24497
040 ## - CATALOGING SOURCE
Original cataloging agency DLC
Language of cataloging eng
Transcribing agency DLC
Modifying agency BD-RjUL
041 ## - LANGUAGE CODE
Language code of text/sound track or separate title eng
082 04 - DEWEY DECIMAL CLASSIFICATION NUMBER
Classification number 920.5
Author mark and year NID 1967
100 1# - MAIN ENTRY--PERSONAL NAME
Personal name Nicolson, Harold,
Dates associated with a name 1886-1968
9 (RLIN) 16947
245 10 - TITLE STATEMENT
Title Diaries and letters, 1930-1939 /
Statement of responsibility, etc. Harold Nicolson ; edited by Nigel Nicolson.
260 ## - PUBLICATION, DISTRIBUTION, ETC. (IMPRINT)
Place of publication, distribution, etc. London :
Name of publisher, distributor, etc. Collins,
Date of publication, distribution, etc. c1966 [impression 1967].
300 ## - PHYSICAL DESCRIPTION
Pagination 447 p. ;
Size 24 cm.
504 ## - BIBLIOGRAPHY, ETC. NOTE
Bibliography, etc includes index.
600 10 - SUBJECT ADDED ENTRY--PERSONAL NAME
Personal name Nicolson, Harold,
Dates associated with a name 1886-1968
650 #0 - SUBJECT ADDED ENTRY--TOPICAL TERM
Topical term or geographic name as entry element Diplomats
Geographic subdivision Great Britain
Form subdivision Diaries.
9 (RLIN) 75206
Topical term or geographic name as entry element Authors, English
Chronological subdivision 20th century
Form subdivision Diaries.
9 (RLIN) 61792
Topical term or geographic name as entry element Diplomats
Geographic subdivision Great Britain
Form subdivision Correspondence
9 (RLIN) 75207
Topical term or geographic name as entry element Authors, English
Chronological subdivision 20th century
Form subdivision Correspondence.
9 (RLIN) 58096
700 1# - ADDED ENTRY--PERSONAL NAME
Personal name Nicolson, Nigel.
830 #0 - SERIES ADDED ENTRY--UNIFORM TITLE
Uniform title Fontana books
942 ## - ADDED ENTRY ELEMENTS (KOHA)
Source of classification or shelving scheme Dewey Decimal Classification
Koha item type Books
Holdings
Lost status Source of classification or shelving scheme Damaged status Not for loan Collection code Permanent Location Current Location Shelving location Date acquired Source of acquisition Cost, normal purchase price Total Checkouts Full call number Date last seen Copy number Koha item type
  Dewey Decimal Classification   Added to bundle Non-fiction Central Library, University of Rajshahi Central Library, University of Rajshahi Reading Room 16/09/1970 Jonathan ware & co., korachi 33.75   920.5 NID 1967 13/03/2014 C-1 Books